| 000 | 01047nam a2200289 i 4500 | ||
|---|---|---|---|
| 001 | 019743466 | ||
| 003 | Uk | ||
| 005 | 20250828112620.0 | ||
| 008 | 200310s2020 enka |0|1 0|eng | ||
| 020 | _a9780198725312 (Paperback) | ||
| 040 |
_aUk _beng _cNUST _erda _dNUST |
||
| 050 | _aRF56.COR | ||
| 100 | 1 | 0 |
_aCorbridge, Rogan J., _eauthor. |
| 245 | 1 | 0 |
_aOxford handbook of ENT and head and neck surgery / _cRogan Corbridge, Nicholas Steventon. |
| 250 | _aThird edition. | ||
| 260 |
_aUnited Kingdom : _bOxford ; _c©2020. |
||
| 300 |
_avii, 488 pages : _billustrations (black and white) ; _c19 cm. |
||
| 336 |
_atext _2rdacontent _btxt |
||
| 337 |
_aunmediated _2rdamedia _bn |
||
| 338 |
_avolume _2rdacarrier _bnc |
||
| 504 | _aIncluding glossary and index | ||
| 650 | 0 |
_aOtolaryngology _vHandbooks, manuals, etc. |
|
| 650 | 0 |
_aHead _xSurgery _vHandbooks, manuals, etc. |
|
| 650 | 0 |
_aNeck _xSurgery _vHandbooks, manuals, etc. |
|
| 700 | 1 |
_aSteventon, Nicholas, _eauthor. |
|
| 942 |
_2lcc _n0 _cREF _eThird Edition _hRF56.COR _kRF _mCOR |
||
| 999 |
_c172333 _d172333 |
||